| 000 | 00563nam a2200181Ia 4500 | ||
|---|---|---|---|
| 003 | IN-BaIIA | ||
| 008 | 211028s9999 xx 000 0 eng d | ||
| 040 | _cIIA Library | ||
| 080 |
_a047.1:535.33 _bDEV-7A |
||
| 245 | 0 |
_aDevelopments in applied spectroscopy _bvol. 7A _cedited by Alfred J. Perkins and E. L. Grove |
|
| 260 |
_aNew York _bPlenum Press _c1969 |
||
| 300 | _aix, 341p. | ||
| 650 | _aAstronomy and Astrophysics Thesaurus | ||
| 650 |
_aSpectroscopy _91535 |
||
| 700 |
_aGrove, E. L., ed. _96972 |
||
| 700 |
_aPerkins, Alfred J., ed. _97089 |
||
| 942 | _cBK | ||
| 999 |
_c4009 _d4009 |
||